| 000 | 01021nam a22002897i 4500 | ||
|---|---|---|---|
| 003 | EG-ScBUE | ||
| 005 | 20260503100509.0 | ||
| 008 | 110516s2010 ua|a frb 000 0 ara dd | ||
| 017 | _a2010 / 13323 | ||
| 020 | _a9789770928748 | ||
| 040 |
_aEG-ScBUE _bara _erda _cEG-ScBUE _dEG-ScBUE |
||
| 082 | 0 | 4 |
_a551.48362 _bن ج ا _222 |
| 100 | 1 |
_916104 _aالنجار، أحمد السيد، _eمؤلف. |
|
| 245 | 1 | 0 |
_aمياه النيل : _bالقدر والبشر / _cأحمد السيد النجار. |
| 250 | _aالطبعة الأولى. | ||
| 264 | 1 |
_aالقاهرة : _bدار الشروق، _c2010. |
|
| 300 |
_a247 صفحة : _bإيضاحيات ؛ _c24 سم |
||
| 336 |
_2rdacontent _aنص _btxt |
||
| 337 |
_aبدون وسيط _2rdamedia _bn |
||
| 338 |
_aمجلد _bnc _2rdacarrier |
||
| 500 | _aيشتمل على ملاحق. | ||
| 504 | _aيشتمل على إرجاعات ببليوجرافية. | ||
| 650 | 7 |
_923856 _aنهر النيل. _2BUEsh |
|
| 653 | _cMay2011 | ||
| 655 | _vReading book | ||
| 942 |
_2ddc _cBB |
||
| 999 |
_c15302 _d15302 |
||